[Event "Toronto Closed reserves"]
[Site "Toronto CAN"]
[Date "2008.01.29"]
[Round "2"]
[White "Villalobos, Oscar"]
[Black "Ferreira, Alex"]
[Result "0-1"]
[WhiteElo "1934"]
[BlackElo "1989"]
[PlyCount "82"]
[GameId "2160767910442506"]
[EventDate "2008.01.22"]
[EventType "tourn"]
[EventRounds "7"]
[EventCountry "CAN"]
[SourceTitle "EXT 2011"]
[Source "ChessBase"]
[SourceDate "2011.11.26"]
[SourceVersion "1"]
[SourceVersionDate "2011.11.26"]
[SourceQuality "1"]

1. d4 d5 2. Nf3 c6 3. Bf4 Nf6 4. Nbd2 g6 5. e3 Bg7 6. Bd3 Qb6 7. Rb1 O-O 8. O-O Nbd7 9. c4 Nh5 10. c5 Qd8 11. Bg5 h6 12. Bh4 Re8 13. b4 Qc7 14. Be2 e5 15. Nxe5 Nxe5 16. Bxh5 gxh5 17. dxe5 Qxe5 18. Bg3 Qf5 19. Nf3 Qg6 20. b5 Bg4 21. h3 Bd7 22. bxc6 Bxc6 23. Nd4 Be5 24. Qf3 Bxg3 25. fxg3 Re7 26. Nf5 Rd7 27. Qf4 Kh7 28. Nh4 Qg5 29. Qf5+ Qxf5 30. Rxf5 Re8 31. Kf2 a6 32. Rxh5 Bb5 33. Nf5 Re6 34. Rb4 Bc4 35. Nd4 Rf6+ 36. Rf5 Rxf5+ 37. Nxf5 Kg6 38. Nd6 b5 39. a3 Rc7 40. Ke1 Rxc5 41. Nb7 Rc7 0-1

[Event "Toronto Closed reserves"]
[Site "Toronto CAN"]
[Date "2008.02.05"]
[Round "2"]
[White "Kornmann, Maxim"]
[Black "Armstrong, Robert J"]
[Result "0-1"]
[WhiteElo "1799"]
[BlackElo "1796"]
[PlyCount "56"]
[GameId "2160767910442507"]
[EventDate "2008.01.22"]
[EventType "tourn"]
[EventRounds "7"]
[EventCountry "CAN"]

1. e4 g6 2. Bc4 Bg7 3. Nc3 d6 4. f4 Nf6 5. d3 O-O 6. Nf3 c6 7. O-O b5 8. Bb3 a5 9. a3 Bb7 10. e5 Ng4 11. h3 Qb6+ 12. Kh1 Nf2+ 13. Rxf2 Qxf2 14. Ne4 Qb6 15. exd6 e6 16. Ne5 a4 17. Ba2 b4 18. Nc4 Qb5 19. axb4 Qxb4 20. c3 Qb5 21. Be3 Nd7 22. Ng5 c5 23. Qd2 Bd5 24. Na3 Qb7 25. Nc4 Rab8 26. Na5 Qa8 27. Bxd5 exd5 28. Rxa4 Rb5 0-1

[Event "Toronto Closed reserves"]
[Site "Toronto CAN"]
[Date "2008.02.05"]
[Round "3"]
[White "Armstrong, Robert J"]
[Black "Chudnovsky, Boris"]
[Result "0-1"]
[WhiteElo "1796"]
[BlackElo "1996"]
[PlyCount "76"]
[GameId "2160767910442508"]
[EventDate "2008.01.22"]
[EventType "tourn"]
[EventRounds "7"]
[EventCountry "CAN"]
[SourceTitle "EXT 2011"]
[Source "ChessBase"]
[SourceDate "2011.11.26"]
[SourceVersion "1"]
[SourceVersionDate "2011.11.26"]
[SourceQuality "1"]

1. d4 Nf6 2. c4 g6 3. Nc3 Bg7 4. e4 O-O 5. f3 d6 6. Be3 Nbd7 7. Nge2 e5 8. d5 a5 9. g4 h5 10. Bg5 hxg4 11. fxg4 Nc5 12. Ng3 Qd7 13. Be2 Nxg4 14. h4 f6 15. Bd2 f5 16. Bxg4 fxg4 17. Qc2 Rf3 18. Rg1 Nd3+ 19. Ke2 Nf4+ 20. Kd1 Nh3 21. Rg2 Qe7 22. Bg5 Nxg5 23. hxg5 Qxg5 24. Qe2 Qf4 25. Qe1 Bh6 26. Kc2 Bd7 27. Rd1 Rf8 28. Kb1 Bg5 29. Nce2 Qe3 30. Qc3 Qc5 31. Rd3 Bh4 32. Kc2 Rxd3 33. Qxd3 Rf3 34. Qd2 Qxc4+ 35. Kb1 Rf1+ 36. Nxf1 Qxe4+ 37. Qc2 Bf5 38. Neg3 Qe1# 0-1

[Event "Toronto Closed reserves"]
[Site "Toronto CAN"]
[Date "2008.02.05"]
[Round "3"]
[White "Ferreira, Alex"]
[Black "Barmasch, Oswald"]
[Result "1-0"]
[WhiteElo "1989"]
[BlackElo "1617"]
[PlyCount "37"]
[GameId "2160767910442509"]
[EventDate "2008.01.22"]
[EventType "tourn"]
[EventRounds "7"]
[EventCountry "CAN"]
[SourceTitle "EXT 2011"]
[Source "ChessBase"]
[SourceDate "2011.11.26"]
[SourceVersion "1"]
[SourceVersionDate "2011.11.26"]
[SourceQuality "1"]

1. e4 c5 2. Nf3 d6 3. d4 cxd4 4. Nxd4 Nf6 5. Nc3 a6 6. a4 Nbd7 7. Be3 e6 8. Be2 Be7 9. O-O O-O 10. a5 Qc7 11. f4 Nc5 12. Bf3 Rb8 13. Qd2 b5 14. axb6 Rxb6 15. Rfb1 Rb8 16. b4 Ncd7 17. e5 Nd5 18. Bxd5 exd5 19. Nxd5 1-0

[Event "Toronto Closed reserves"]
[Site "Toronto CAN"]
[Date "2008.02.05"]
[Round "3"]
[White "Stein, Mickey"]
[Black "Villalobos, Oscar"]
[Result "1-0"]
[WhiteElo "2009"]
[BlackElo "1934"]
[PlyCount "91"]
[GameId "2160767910442510"]
[EventDate "2008.01.22"]
[EventType "tourn"]
[EventRounds "7"]
[EventCountry "CAN"]
[SourceTitle "EXT 2011"]
[Source "ChessBase"]
[SourceDate "2011.11.26"]
[SourceVersion "1"]
[SourceVersionDate "2011.11.26"]
[SourceQuality "1"]

1. e4 c5 2. Nf3 d6 3. d4 cxd4 4. Nxd4 Nf6 5. Nc3 a6 6. Be3 Ng4 7. Bg5 h6 8. Bh4 g5 9. Bg3 Bg7 10. h3 Ne5 11. f3 Nbc6 12. Nb3 Be6 13. Bf2 Ng6 14. Qd2 b5 15. O-O-O Rc8 16. Kb1 Qc7 17. h4 Nxh4 18. Bxh4 gxh4 19. Rxh4 Ne5 20. Nd5 Qa7 21. c3 h5 22. Be2 Ng6 23. Rhh1 Bh6 24. Qe1 Bxd5 25. exd5 h4 26. Bd3 Nf4 27. Bf1 Ng6 28. Nd4 Bg5 29. g3 Rc5 30. Nb3 Rc8 31. Bd3 Ne5 32. Bf5 Nd7 33. f4 Bf6 34. g4 Rc4 35. g5 Bg7 36. Na5 Nb6 37. Nxc4 Nxc4 38. Rxh4 Rxh4 39. Qxh4 Qe3 40. Qh2 b4 41. Bd3 Nb6 42. Qg1 Qf3 43. Bc2 Nc4 44. Qa7 e5 45. Ba4+ Kf8 46. Qb8+ 1-0

[Event "Toronto Closed reserves"]
[Site "Toronto CAN"]
[Date "2008.03.11"]
[Round "3"]
[White "Kurkowski, Ken"]
[Black "Kornmann, Maxim"]
[Result "1-0"]
[WhiteElo "1684"]
[BlackElo "1799"]
[PlyCount "49"]
[GameId "2160767910442511"]
[EventDate "2008.01.22"]
[EventType "tourn"]
[EventRounds "7"]
[EventCountry "CAN"]

1. e4 e5 2. Nf3 d6 3. d4 Nf6 4. dxe5 Nxe4 5. Qd5 Nc5 6. Bg5 Be7 7. Bxe7 Qxe7 8. Nc3 O-O 9. O-O-O dxe5 10. Qxe5 Be6 11. Nd5 Qe8 12. Nxc7 Nbd7 13. Nxe8 Nxe5 14. Nc7 Ng4 15. Nxa8 Nxf2 16. Nc7 Nxh1 17. Nxe6 Nxe6 18. Rd7 Nf2 19. Bc4 Nc5 20. Rd4 Ne6 21. Bxe6 fxe6 22. Rd7 Rf7 23. Rd6 Re7 24. Ng5 e5 25. Rd8+ 1-0

[Event "Toronto Closed reserves"]
[Site "Toronto CAN"]
[Date "2008.03.11"]
[Round "4"]
[White "Chudnovsky, Boris"]
[Black "Kurkowski, Ken"]
[Result "1-0"]
[WhiteElo "1996"]
[BlackElo "1684"]
[PlyCount "65"]
[GameId "2160767910442512"]
[EventDate "2008.01.22"]
[EventType "tourn"]
[EventRounds "7"]
[EventCountry "CAN"]
[SourceTitle "EXT 2011"]
[Source "ChessBase"]
[SourceDate "2011.11.26"]
[SourceVersion "1"]
[SourceVersionDate "2011.11.26"]
[SourceQuality "1"]

1. d4 d5 2. c4 c6 3. Nc3 Nf6 4. Nf3 dxc4 5. a4 Bf5 6. e3 e6 7. Bxc4 Nbd7 8. O-O Bb4 9. Qe2 Bxc3 10. bxc3 O-O 11. Nd2 c5 12. e4 Bg6 13. Ba3 Rc8 14. Rfc1 Re8 15. Rab1 b6 16. Bb5 cxd4 17. cxd4 Rc7 18. Bd6 Rxc1+ 19. Rxc1 Nf8 20. e5 N6d7 21. Rc7 f6 22. Rxa7 fxe5 23. dxe5 Qc8 24. Rc7 Qd8 25. h3 Nf6 26. Bxe8 Nxe8 27. Rc6 Qa8 28. Qc4 Nxd6 29. exd6 Be8 30. Rc8 Qxa4 31. Qxa4 Bxa4 32. Nc4 b5 33. d7 1-0

[Event "Toronto Closed reserves"]
[Site "Toronto CAN"]
[Date "2008.03.11"]
[Round "4"]
[White "Stein, Mickey"]
[Black "Armstrong, Robert J"]
[Result "1-0"]
[WhiteElo "2009"]
[BlackElo "1796"]
[PlyCount "51"]
[GameId "2160767910442513"]
[EventDate "2008.01.22"]
[EventType "tourn"]
[EventRounds "7"]
[EventCountry "CAN"]
[SourceTitle "EXT 2011"]
[Source "ChessBase"]
[SourceDate "2011.11.26"]
[SourceVersion "1"]
[SourceVersionDate "2011.11.26"]
[SourceQuality "1"]

1. e4 g6 2. d4 Bg7 3. Nc3 d6 4. Bg5 Nf6 5. Qd2 O-O 6. O-O-O c6 7. f3 b5 8. Bh6 Qa5 9. Bxg7 Kxg7 10. Kb1 Be6 11. b3 Nbd7 12. g4 Nb6 13. Nh3 Rab8 14. Ka1 Rb7 15. Nf4 Rfb8 16. g5 Ne8 17. Nxe6+ fxe6 18. h4 Nc7 19. Nb1 b4 20. h5 Nb5 21. Bxb5 Qxb5 22. hxg6 hxg6 23. Qh2 Rg8 24. Qf4 Na4 25. Rh7+ Kxh7 26. Qf7+ 1-0

[Event "Toronto Closed reserves"]
[Site "Toronto CAN"]
[Date "2008.03.11"]
[Round "4"]
[White "Villalobos, Oscar"]
[Black "Barmasch, Oswald"]
[Result "1-0"]
[WhiteElo "1934"]
[BlackElo "1617"]
[PlyCount "59"]
[GameId "2160767910442514"]
[EventDate "2008.01.22"]
[EventType "tourn"]
[EventRounds "7"]
[EventCountry "CAN"]
[SourceTitle "EXT 2011"]
[Source "ChessBase"]
[SourceDate "2011.11.26"]
[SourceVersion "1"]
[SourceVersionDate "2011.11.26"]
[SourceQuality "1"]

1. d4 Nf6 2. Nf3 g6 3. Nc3 Bg7 4. e4 d6 5. Bf4 Nbd7 6. Qd2 O-O 7. Bh6 e5 8. h4 Bxh6 9. Qxh6 Ng4 10. Qd2 h5 11. Ng5 exd4 12. Qxd4 Qf6 13. Qd2 Nb6 14. f3 Ne5 15. O-O-O Be6 16. g4 Nxf3 17. Nxf3 Qxf3 18. Be2 Qf6 19. gxh5 gxh5 20. Rdf1 Qg7 21. Rfg1 Bg4 22. Bxg4 hxg4 23. h5 Nc4 24. Qf4 Ne5 25. h6 Qh7 26. Nd5 f5 27. exf5 c6 28. Qg5+ Kh8 29. Ne7 Nf3 30. Ng6+ 1-0

[Event "Toronto Closed reserves"]
[Site "Toronto CAN"]
[Date "2008.03.18"]
[Round "4"]
[White "Kornmann, Maxim"]
[Black "Ferreira, Alex"]
[Result "0-1"]
[WhiteElo "1799"]
[BlackElo "1989"]
[PlyCount "102"]
[GameId "2160767910442515"]
[EventDate "2008.01.22"]
[EventType "tourn"]
[EventRounds "7"]
[EventCountry "CAN"]

1. e4 d5 2. exd5 Nf6 3. d4 Nxd5 4. g3 g6 5. Bg2 Bg7 6. c3 O-O 7. Nf3 c6 8. O-O Nd7 9. Re1 Re8 10. Nbd2 e5 11. Nc4 exd4 12. Rxe8+ Qxe8 13. Nd6 Qe7 14. Nxc8 Rxc8 15. Nxd4 N7b6 16. Nf3 Re8 17. Qc2 Nc4 18. Bg5 f6 19. Bd2 Qd7 20. Re1 Rxe1+ 21. Bxe1 Kf7 22. b3 Ncb6 23. c4 Ne7 24. Bc3 Qf5 25. Qd1 Qd7 26. Qe2 Nf5 27. g4 Ne7 28. h3 Qe6 29. Qc2 c5 30. a4 Nd7 31. Kf1 h6 32. Qe2 Qxe2+ 33. Kxe2 f5 34. Bd2 fxg4 35. hxg4 b6 36. Bf4 g5 37. Bg3 Ke6 38. Nh2 Be5 39. Bxe5 Nxe5 40. Ke3 N5g6 41. Bf1 Nc6 42. Bd3 Nge7 43. Nf3 Ne5 44. Be4 Nxf3 45. Bxf3 Ke5 46. Be4 Nc8 47. f3 Nd6 48. Bg6 Nb7 49. Be4 Na5 50. Bc2 Nc6 51. Be4 Nd4 0-1

[Event "Toronto Closed reserves"]
[Site "Toronto CAN"]
[Date "2008.02.19"]
[Round "5"]
[White "Armstrong, Robert J"]
[Black "Villalobos, Oscar"]
[Result "1-0"]
[WhiteElo "1796"]
[BlackElo "1934"]
[PlyCount "117"]
[GameId "2160767910442516"]
[EventDate "2008.01.22"]
[EventType "tourn"]
[EventRounds "7"]
[EventCountry "CAN"]
[SourceTitle "EXT 2011"]
[Source "ChessBase"]
[SourceDate "2011.11.26"]
[SourceVersion "1"]
[SourceVersionDate "2011.11.26"]
[SourceQuality "1"]

1. b3 c5 2. Bb2 Nc6 3. f4 d5 4. Nf3 Nf6 5. e3 Bf5 6. Be2 e6 7. O-O a6 8. d3 h6 9. h3 Be7 10. Nbd2 Rg8 11. Nh4 Bh7 12. f5 e5 13. Nhf3 Qc7 14. e4 O-O-O 15. Qe1 Bd6 16. a3 g5 17. fxg6 fxg6 18. Ng5 hxg5 19. Rxf6 Nd4 20. Bg4+ Kb8 21. Bxd4 exd4 22. Be6 Rgf8 23. Rxf8 Rxf8 24. exd5 Bg3 25. Qd1 Bg8 26. Ne4 Bxe6 27. dxe6 Bf4 28. Kh1 Be3 29. Qe2 Qe5 30. Rf1 Rf5 31. Rxf5 gxf5 32. Nxg5 Qf6 33. Nf3 Qxe6 34. Qe1 Kc8 35. Qh4 b5 36. Qh8+ Kb7 37. Qg7+ Kb6 38. h4 Bf4 39. h5 Qe2 40. Qf6+ Kb7 41. Qf7+ Bc7 42. Qd5+ Kb6 43. Qf7 Qd1+ 44. Ng1 Qg4 45. Qg6+ Kb7 46. Qxg4 fxg4 47. h6 Kc8 48. Ne2 Kd7 49. h7 Be5 50. Nf4 Ke8 51. Ne6 c4 52. bxc4 bxc4 53. dxc4 Kf7 54. Nc5 a5 55. Nb3 Kg7 56. h8=Q+ Kxh8 57. Nxa5 Kg7 58. Kg1 Kf7 59. Kf1 1-0

[Event "Toronto Closed reserves"]
[Site "Toronto CAN"]
[Date "2008.02.19"]
[Round "5"]
[White "Barmasch, Oswald"]
[Black "Kornmann, Maxim"]
[Result "0-1"]
[WhiteElo "1617"]
[BlackElo "1799"]
[PlyCount "96"]
[GameId "2160767910442517"]
[EventDate "2008.01.22"]
[EventType "tourn"]
[EventRounds "7"]
[EventCountry "CAN"]

1. e4 e5 2. Nf3 d6 3. d4 Nf6 4. Nc3 Nbd7 5. Bc4 Be7 6. dxe5 Nxe5 7. Nxe5 dxe5 8. Qxd8+ Bxd8 9. Bg5 c6 10. a4 h6 11. Bh4 O-O 12. O-O Nxe4 13. Nxe4 Bxh4 14. Nd6 b6 15. f4 exf4 16. Rxf4 Bf6 17. Raf1 Be6 18. Bxe6 fxe6 19. b3 Rad8 20. Ne4 Bd4+ 21. Kh1 Rxf4 22. Rxf4 Be3 23. Rf1 Rd4 24. Nc3 Rd2 25. Nd1 Bg5 26. c3 e5 27. g3 e4 28. Re1 Bf6 29. Kg1 e3 30. Nxe3 Bxc3 31. Nc4 Bd4+ 32. Kh1 Rd3 33. Re4 Bf6 34. b4 b5 35. axb5 cxb5 36. Na5 Rc3 37. Re6 Rc7 38. Rc6 Rd7 39. Rc5 a6 40. Rc6 Ra7 41. Rc8+ Kf7 42. Nc6 Rb7 43. Ra8 Rb6 44. Nb8 Ke6 45. Nxa6 Kd5 46. Nc5 Kc4 47. Nd7 Rd6 48. Nxf6 Rxf6 0-1

[Event "Toronto Closed reserves"]
[Site "Toronto CAN"]
[Date "2008.02.19"]
[Round "5"]
[White "Ferreira, Alex"]
[Black "Chudnovsky, Boris"]
[Result "0-1"]
[WhiteElo "1989"]
[BlackElo "1996"]
[PlyCount "60"]
[GameId "2160767910442518"]
[EventDate "2008.01.22"]
[EventType "tourn"]
[EventRounds "7"]
[EventCountry "CAN"]
[SourceTitle "EXT 2011"]
[Source "ChessBase"]
[SourceDate "2011.11.26"]
[SourceVersion "1"]
[SourceVersionDate "2011.11.26"]
[SourceQuality "1"]

1. e4 c5 2. Nf3 d6 3. d4 cxd4 4. Nxd4 Nf6 5. Nc3 g6 6. Be3 Bg7 7. Be2 O-O 8. Qd2 Nc6 9. O-O Bd7 10. Rad1 Nxd4 11. Bxd4 Bc6 12. f3 a6 13. a4 e6 14. b4 Qe7 15. b5 axb5 16. axb5 Bd7 17. b6 Rfc8 18. Rfe1 Ra3 19. Ra1 Raxc3 20. Bxc3 Nxe4 21. fxe4 Bxc3 22. Qd3 Bxe1 23. Rxe1 d5 24. exd5 Qc5+ 25. Kf1 Qxb6 26. c4 exd5 27. Rb1 dxc4 28. Qd1 Qc7 29. Qd5 b5 30. h4 c3 0-1

[Event "Toronto Closed reserves"]
[Site "Toronto CAN"]
[Date "2008.02.19"]
[Round "5"]
[White "Kurkowski, Ken"]
[Black "Stein, Mickey"]
[Result "0-1"]
[WhiteElo "1684"]
[BlackElo "2009"]
[PlyCount "38"]
[GameId "2160767910442519"]
[EventDate "2008.01.22"]
[EventType "tourn"]
[EventRounds "7"]
[EventCountry "CAN"]
[SourceTitle "EXT 2011"]
[Source "ChessBase"]
[SourceDate "2011.11.26"]
[SourceVersion "1"]
[SourceVersionDate "2011.11.26"]
[SourceQuality "1"]

1. e4 c5 2. Nf3 g6 3. c3 Bg7 4. d4 cxd4 5. cxd4 d5 6. e5 Nc6 7. Bb5 Nh6 8. O-O O-O 9. Na3 Bg4 10. Be3 Nf5 11. Nc2 f6 12. Bxc6 bxc6 13. exf6 Bxf6 14. Re1 Nh4 15. Nb4 Qc8 16. Bh6 Bxf3 17. Qd3 Qg4 18. g3 Qh3 19. Qf1 Bg2 0-1

[Event "Toronto Closed reserves"]
[Site "Toronto CAN"]
[Date "2008.02.12"]
[Round "6"]
[White "Armstrong, Robert J"]
[Black "Kurkowski, Ken"]
[Result "1/2-1/2"]
[WhiteElo "1796"]
[BlackElo "1684"]
[PlyCount "92"]
[GameId "2160767910442520"]
[EventDate "2008.01.22"]
[EventType "tourn"]
[EventRounds "7"]
[EventCountry "CAN"]
[SourceTitle "EXT 2011"]
[Source "ChessBase"]
[SourceDate "2011.11.26"]
[SourceVersion "1"]
[SourceVersionDate "2011.11.26"]
[SourceQuality "1"]

1. d4 d5 2. c4 c6 3. e3 Nf6 4. Nf3 Bf5 5. Bd3 Bxd3 6. Qxd3 e6 7. O-O Nbd7 8. Nc3 Be7 9. b3 O-O 10. Bb2 Rc8 11. e4 dxe4 12. Nxe4 Nxe4 13. Qxe4 Nf6 14. Qe2 Qc7 15. Rfe1 Rfd8 16. a3 Kf8 17. Rac1 h6 18. Ne5 Bd6 19. f4 c5 20. dxc5 Bxc5+ 21. Kh1 Bd4 22. Rcd1 Bxb2 23. Qxb2 Rd6 24. Qe2 Rcd8 25. Rxd6 Qxd6 26. b4 b6 27. h3 Qd2 28. Qxd2 Rxd2 29. Rc1 Ne4 30. c5 bxc5 31. bxc5 f6 32. Nc6 Ra2 33. Nxa7 Rxa3 34. Nc8 Rc3 35. Rxc3 Nxc3 36. Kh2 Nd5 37. Kg3 Ke8 38. Na7 Kd7 39. Kf3 f5 40. g4 g5 41. fxg5 hxg5 42. gxf5 exf5 43. Kg3 Kc7 44. Nb5+ Kc6 45. Nd4+ Kxc5 46. Nxf5 Nf4 1/2-1/2

[Event "Toronto Closed reserves"]
[Site "Toronto CAN"]
[Date "2008.02.12"]
[Round "6"]
[White "Chudnovsky, Boris"]
[Black "Barmasch, Oswald"]
[Result "1-0"]
[WhiteElo "1996"]
[BlackElo "1617"]
[PlyCount "55"]
[GameId "2160767910442521"]
[EventDate "2008.01.22"]
[EventType "tourn"]
[EventRounds "7"]
[EventCountry "CAN"]
[SourceTitle "EXT 2011"]
[Source "ChessBase"]
[SourceDate "2011.11.26"]
[SourceVersion "1"]
[SourceVersionDate "2011.11.26"]
[SourceQuality "1"]

1. d4 Nf6 2. c4 g6 3. Nc3 Bg7 4. e4 d6 5. f3 Nbd7 6. Be3 O-O 7. Qd2 e5 8. d5 Nh5 9. O-O-O f5 10. Bd3 a5 11. Kb1 b6 12. exf5 gxf5 13. Nge2 Nc5 14. Bc2 f4 15. Bxc5 bxc5 16. g4 fxg3 17. hxg3 Nf6 18. g4 Qe8 19. Ng3 h6 20. Nf5 Bxf5 21. Bxf5 Nh7 22. Rxh6 Bxh6 23. Qxh6 Rxf5 24. gxf5 Qf7 25. Qe6 Rf8 26. Rg1+ Kh8 27. Ne4 Qxf5 28. Rg8+ 1-0

[Event "Toronto Closed reserves"]
[Site "Toronto CAN"]
[Date "2008.02.12"]
[Round "6"]
[White "Stein, Mickey"]
[Black "Ferreira, Alex"]
[Result "0-1"]
[WhiteElo "2009"]
[BlackElo "1989"]
[PlyCount "110"]
[GameId "2160767910442522"]
[EventDate "2008.01.22"]
[EventType "tourn"]
[EventRounds "7"]
[EventCountry "CAN"]
[SourceTitle "EXT 2011"]
[Source "ChessBase"]
[SourceDate "2011.11.26"]
[SourceVersion "1"]
[SourceVersionDate "2011.11.26"]
[SourceQuality "1"]

1. e4 c5 2. Nf3 d6 3. d4 cxd4 4. Nxd4 Nf6 5. Nc3 a6 6. Be3 e5 7. Nf3 b5 8. a3 Bb7 9. Bg5 Be7 10. Bxf6 Bxf6 11. Nd5 O-O 12. Be2 Nd7 13. O-O Nc5 14. Nd2 Rc8 15. Nxf6+ Qxf6 16. f3 Qg5 17. c4 Qe3+ 18. Kh1 Na4 19. Rb1 Bc6 20. Re1 Qh6 21. Nf1 Rfd8 22. cxb5 axb5 23. Qb3 Nc5 24. Qb4 Ne6 25. Bxb5 Rb8 26. a4 Nd4 27. Qd2 Qxd2 28. Nxd2 Bxb5 29. axb5 Rxb5 30. Nc4 Kf8 31. Red1 Ke7 32. Ne3 Rb3 33. Nd5+ Ke6 34. h4 Rc8 35. Rdc1 Rc2 36. Ra1 Rb7 37. b4 f5 38. Rxc2 Nxc2 39. Rc1 Nd4 40. Rc8 fxe4 41. fxe4 Nf5 42. h5 Ng3+ 43. Kg1 Nxe4 44. Nc3 Nxc3 45. Rxc3 Rxb4 46. Rc7 Rg4 47. h6 gxh6 48. Rxh7 Rg6 49. Kf2 d5 50. Kf3 Rf6+ 51. Ke3 d4+ 52. Ke2 Kd5 53. Rh8 Ke4 54. g3 d3+ 55. Kd2 Rf2+ 0-1

[Event "Toronto Closed reserves"]
[Site "Toronto CAN"]
[Date "2008.02.26"]
[Round "6"]
[White "Villalobos, Oscar"]
[Black "Kornmann, Maxim"]
[Result "1-0"]
[WhiteElo "1934"]
[BlackElo "1799"]
[PlyCount "37"]
[GameId "2160767910442523"]
[EventDate "2008.01.22"]
[EventType "tourn"]
[EventRounds "7"]
[EventCountry "CAN"]

1. d4 d5 2. Nf3 Nf6 3. Bf4 e6 4. e3 Be7 5. Bd3 Nbd7 6. Nbd2 Nh5 7. Bg3 Nxg3 8. hxg3 h6 9. Ne5 Nxe5 10. dxe5 Bf8 11. Qg4 c5 12. O-O-O Bd7 13. f4 c4 14. Bxc4 dxc4 15. Nxc4 Qc7 16. Nd6+ Bxd6 17. exd6 Qc5 18. Rd3 O-O-O 19. Rc3 1-0

[Event "Toronto Closed reserves"]
[Site "Toronto CAN"]
[Date "2008.03.04"]
[Round "7"]
[White "Barmasch, Oswald"]
[Black "Stein, Mickey"]
[Result "0-1"]
[WhiteElo "1617"]
[BlackElo "2009"]
[PlyCount "64"]
[GameId "2160767910442524"]
[EventDate "2008.01.22"]
[EventType "tourn"]
[EventRounds "7"]
[EventCountry "CAN"]
[SourceTitle "EXT 2011"]
[Source "ChessBase"]
[SourceDate "2011.11.26"]
[SourceVersion "1"]
[SourceVersionDate "2011.11.26"]
[SourceQuality "1"]

1. e4 c6 2. d4 d5 3. exd5 cxd5 4. c3 Nc6 5. Nf3 Nf6 6. Bf4 e6 7. Bd3 Bd6 8. Bxd6 Qxd6 9. Nbd2 O-O 10. O-O a6 11. a4 b6 12. Re1 Bb7 13. Ne5 Nd7 14. Nxd7 Qxd7 15. Nf3 h6 16. Qb3 Qd8 17. a5 b5 18. Qa3 Rc8 19. b4 Qf6 20. Rac1 Rfe8 21. Qa2 e5 22. dxe5 Nxe5 23. Nxe5 Rxe5 24. Rxe5 Qxe5 25. Qa1 Qg5 26. Rd1 d4 27. Bf1 dxc3 28. Qc1 c2 29. Re1 Qxc1 30. Rxc1 Be4 31. f3 Bg6 32. Kf2 Rc3 0-1

[Event "Toronto Closed reserves"]
[Site "Toronto CAN"]
[Date "2008.03.04"]
[Round "7"]
[White "Ferreira, Alex"]
[Black "Armstrong, Robert J"]
[Result "1/2-1/2"]
[WhiteElo "1989"]
[BlackElo "1796"]
[PlyCount "110"]
[GameId "2160767910442525"]
[EventDate "2008.01.22"]
[EventType "tourn"]
[EventRounds "7"]
[EventCountry "CAN"]
[SourceTitle "EXT 2011"]
[Source "ChessBase"]
[SourceDate "2011.11.26"]
[SourceVersion "1"]
[SourceVersionDate "2011.11.26"]
[SourceQuality "1"]

1. b4 Nf6 2. Bb2 d6 3. d3 g6 4. g3 Bg7 5. Bg2 O-O 6. Nf3 c6 7. O-O e5 8. Nbd2 Nh5 9. c4 f5 10. c5 Be6 11. Re1 dxc5 12. bxc5 Nd7 13. Qc2 Kh8 14. Nc4 Bxc4 15. Qxc4 Qe7 16. Rac1 g5 17. Rc2 g4 18. Nd2 Rf7 19. d4 exd4 20. Bxd4 f4 21. Bxg7+ Kxg7 22. Rb1 Ne5 23. Qe4 Raf8 24. Nc4 Nxc4 25. Qxc4 Qg5 26. f3 fxg3 27. Qxg4 gxh2+ 28. Kxh2 Qxg4 29. fxg4 Nf4 30. Bf3 Re8 31. Kg3 Re3 32. Kf2 Rfe7 33. Rb3 R3e5 34. Rcb2 Nh3+ 35. Kg3 Ng1 36. Rxb7 Nxe2+ 37. Kf2 Nd4 38. Rxe7+ Rxe7 39. Rb4 Nxf3 40. Kxf3 Kg6 41. Kf4 Re2 42. Rd4 Re6 43. Rd7 a5 44. Ra7 Rf6+ 45. Ke5 Rf2 46. Rxa5 Rd2 47. a4 Kg5 48. Ra7 Rd5+ 49. Ke6 Kxg4 50. Rxh7 Rxc5 51. Kd6 Ra5 52. Rg7+ Kf5 53. Rh7 Kg5 54. Rg7+ Kf5 55. Rf7+ Kg5 1/2-1/2

[Event "Toronto Closed reserves"]
[Site "Toronto CAN"]
[Date "2008.03.04"]
[Round "7"]
[White "Kornmann, Maxim"]
[Black "Chudnovsky, Boris"]
[Result "0-1"]
[WhiteElo "1799"]
[BlackElo "1996"]
[PlyCount "60"]
[GameId "2160767910442526"]
[EventDate "2008.01.22"]
[EventType "tourn"]
[EventRounds "7"]
[EventCountry "CAN"]

1. e4 c5 2. Nf3 d6 3. Be2 Nf6 4. d3 Nc6 5. c3 g6 6. Bf4 Bg7 7. h3 O-O 8. O-O a6 9. Bh2 b5 10. e5 Nd5 11. exd6 exd6 12. Nfd2 Bb7 13. Bf3 Ne5 14. Be4 f5 15. Bxd5+ Bxd5 16. Bxe5 dxe5 17. c4 Bc6 18. Nb3 Qg5 19. g3 e4 20. h4 Qe7 21. Nc3 Rad8 22. Na5 Ba8 23. cxb5 Rxd3 24. Qb3+ Kh8 25. Rad1 axb5 26. Qxb5 Bxc3 27. bxc3 Rxd1 28. Rxd1 e3 29. Rd7 Qe4 30. Nb7 e2 0-1

[Event "Toronto Closed reserves"]
[Site "Toronto CAN"]
[Date "2008.03.04"]
[Round "7"]
[White "Kurkowski, Ken"]
[Black "Villalobos, Oscar"]
[Result "1-0"]
[WhiteElo "1684"]
[BlackElo "1934"]
[PlyCount "49"]
[GameId "2160767910442527"]
[EventDate "2008.01.22"]
[EventType "tourn"]
[EventRounds "7"]
[EventCountry "CAN"]
[SourceTitle "EXT 2011"]
[Source "ChessBase"]
[SourceDate "2011.11.26"]
[SourceVersion "1"]
[SourceVersionDate "2011.11.26"]
[SourceQuality "1"]

1. e4 c5 2. Nf3 d6 3. Bb5+ Bd7 4. Bxd7+ Qxd7 5. c4 Qg4 6. O-O Qxe4 7. b3 Nc6 8. Nc3 Qg4 9. Bb2 e5 10. Re1 Be7 11. Nd5 Rc8 12. Rc1 Nf6 13. Nxf6+ gxf6 14. Qe2 Rg8 15. g3 f5 16. d3 h5 17. d4 e4 18. d5 exf3 19. Qe3 f4 20. Qe4 f5 21. Qe6 Rc7 22. dxc6 Rg6 23. h3 Qg5 24. Qd5 bxc6 25. Qxf3 1-0

[Event "Toronto Spring 03"]
[Site "Toronto CAN"]
[Date "2008.03.14"]
[Round "1"]
[White "Haziprodromu, Sam"]
[Black "Fiedler, Brian"]
[Result "1/2-1/2"]
[WhiteElo "1962"]
[BlackElo "2187"]
[PlyCount "20"]
[GameId "2160767910413121"]
[EventDate "2008.03.14"]
[EventType "tourn"]
[EventRounds "7"]
[EventCountry "CAN"]
[SourceTitle "EXT 2011"]
[Source "ChessBase"]
[SourceDate "2011.11.26"]
[SourceVersion "1"]
[SourceVersionDate "2011.11.26"]
[SourceQuality "1"]

1. e4 e5 2. Nf3 Nc6 3. Bb5 a6 4. Ba4 d6 5. Bxc6+ bxc6 6. d4 f6 7. O-O Be6 8. Qd3 Ne7 9. dxe5 dxe5 10. Be3 Ng6 1/2-1/2